[Event "AUTO-OPEN-1827"]
[Site "http://www.queenalice.com/game.php?id=775208"]
[Date "2010.5.13"]
[Round "2"]
[White "zemorais"]
[Black "stan1"]
[Result "0-1"]
[WhiteElo "1646"]
[BlackElo "2141"]

1. e4 Nc6 2. Nf3 f5 3. exf5 d5 4. g4 h5 5. gxh5 d4 6. Bd3 Nf6 7. Bb5 Bxf5 8. d3
Qd6 9. Bxc6+ Qxc6 10. Nbd2 Rxh5 11. Nc4 Bg4 12. Ncd2 Re5+ 13. Ne4 Rxe4+ 14. dxe4
Qxe4+ 15. Qe2 Qc6 16. Qd3 O-O-O 17. Rg1 Bxf3 18. Bf4 e5 19. Bxe5 Re8 20. Qf5+
Nd7 21. Rg6 Rxe5+ 22. Qxe5 Nxe5 23. Rxc6 Nxc6 24. c3 dxc3 25. bxc3 Bd6 26. h4
Be7 27. Rb1 Bxh4 28. Rb3 Bd5 29. Rb2 Bf6 30. Kd2 Ne5 31. Ke3 Nc4+ 0-1

[Event "Challenge"]
[Site "http://www.queenalice.com/game.php?id=781369"]
[Date "2010.5.27"]
[Round "-"]
[White "stan1"]
[Black "majawi"]
[Result "1/2-1/2"]
[WhiteElo "2161"]
[BlackElo "2105"]

1. e4 c5 2. Nf3 Nc6 3. d4 cxd4 4. Nxd4 e5 5. Nb5 d6 6. Bc4 a6 7. N5c3 Nf6 8. Be3
Be7 9. Nd5 O-O 10. Bb6 Qd7 11. Nbc3 Bd8 12. Nxf6+ Bxf6 13. O-O Ne7 14. Qd3 Qc6
15. Be3 Be6 16. Bb3 b5 17. Rfd1 Rad8 18. a4 Bc4 19. axb5 axb5 20. Qd2 Bxb3 21.
cxb3 Rd7 22. Rdc1 b4 23. Nd5 Qb5 24. Qd1 Nxd5 25. exd5 Bd8 26. Qg4 f5 27. Qc4
1/2-1/2

[Event "Challenge"]
[Site "http://www.queenalice.com/game.php?id=781370"]
[Date "2010.5.27"]
[Round "-"]
[White "majawi"]
[Black "stan1"]
[Result "0-1"]
[WhiteElo "2116"]
[BlackElo "2150"]

1. d4 Nf6 2. Nf3 d5 3. c4 c6 4. Nc3 e6 5. Bg5 dxc4 6. a4 Bb4 7. Qc2 Qa5 8. Bxf6
gxf6 9. e3 b5 10. Be2 Nd7 11. O-O Qb6 12. axb5 cxb5 13. b3 cxb3 14. Qxb3 Bxc3
15. Qxc3 b4 16. Qb3 a5 17. Rfc1 O-O 18. d5 Bb7 19. dxe6 fxe6 20. Qc4 b3 21. Rcb1
Nc5 22. Qg4+ Kh8 23. Bc4 Qb4 24. Bxe6 Be4 0-1

[Event "Challenge"]
[Site "http://www.queenalice.com/game.php?id=786337"]
[Date "2010.6.6"]
[Round "-"]
[White "Dedey"]
[Black "stan1"]
[Result "0-1"]
[WhiteElo "1386"]
[BlackElo "2159"]

1. e4 Nc6 2. Nf3 f5 3. exf5 d5 4. d4 Bxf5 5. Bd3 Bg4 6. O-O Nxd4 7. Be2 Nxe2+ 8.
Qxe2 Qd7 9. Nbd2 O-O-O 10. h3 Bh5 11. c4 Nf6 12. g4 Nxg4 13. Ne5 Nxe5 14. Qxe5
Qxh3 15. Nb1 Rd6 16. Bf4 Bf3 17. Bh2 Qg2# 0-1

[Event "Challenge"]
[Site "http://www.queenalice.com/game.php?id=1035303"]
[Date "2012.3.2"]
[Round "-"]
[White "nuage"]
[Black "stan1"]
[Result "0-1"]
[WhiteElo "1570"]
[BlackElo "1980"]

1. e4 Nc6 2. Nc3 f5 3. Bc4 Nf6 4. Nf3 fxe4 5. Ng5 d5 6. Bb5 Bd7 7. O-O e5 8. d3
a6 9. Bxc6 Bxc6 10. Ne6 Qd7 11. Nc5 Bxc5 12. dxe4 d4 13. Ne2 O-O-O 14. Bg5 h6
15. Bh4 Nxe4 16. Bxd8 Rxd8 17. a3 Qd5 18. Qd3 Ng5 19. c3 Qxg2# 0-1

[Event "Challenge"]
[Site "http://www.queenalice.com/game.php?id=1035304"]
[Date "2012.3.2"]
[Round "-"]
[White "stan1"]
[Black "nuage"]
[Result "1-0"]
[WhiteElo "1978"]
[BlackElo "1572"]

1. e4 e5 2. Bc4 c6 3. d4 d6 4. dxe5 dxe5 5. Qxd8+ Kxd8 6. Nf3 Nd7 7. O-O f6 8.
Nc3 Bc5 9. Nd2 Ne7 10. Nb3 b5 11. Be6 b4 12. Na4 Ba6 13. Rd1 Kc7 14. Rxd7+ Kb8
15. Naxc5 Bb5 16. Rb7# 1-0

[Event "Challenge"]
[Site "http://www.queenalice.com/game.php?id=1035305"]
[Date "2012.3.2"]
[Round "-"]
[White "stan1"]
[Black "mvson33"]
[Result "0-1"]
[WhiteElo "1990"]
[BlackElo "1803"]

1. e4 c5 2. Nf3 Nc6 3. d4 cxd4 4. Nxd4 Nxd4 5. Qxd4 b6 6. Nc3 Bb7 7. Be3 Nf6 8.
Bb5 Bc6 9. Bxc6 dxc6 10. Qxd8+ Rxd8 11. O-O e6 12. Rad1 Be7 13. f3 O-O 14. a4
Rxd1 15. Rxd1 Rd8 16. Rxd8+ Bxd8 17. Kf2 e5 18. a5 Ne8 19. g3 Nd6 20. b3 f5 0-1

[Event "Challenge"]
[Site "http://www.queenalice.com/game.php?id=1035548"]
[Date "2012.3.3"]
[Round "-"]
[White "stan1"]
[Black "nuage"]
[Result "1-0"]
[WhiteElo "1982"]
[BlackElo "1568"]

1. e4 e5 2. Bc4 c6 3. d4 d5 4. exd5 cxd5 5. Bb5+ Bd7 6. Bxd7+ Qxd7 7. dxe5 Nc6
8. Nf3 Qg4 9. O-O Bc5 10. Nc3 Nge7 11. Nxd5 Nxe5 12. Nxe5 Qd7 13. Nxd7 1-0

[Event "Challenge"]
[Site "http://www.queenalice.com/game.php?id=1035990"]
[Date "2012.3.4"]
[Round "-"]
[White "stan1"]
[Black "nuage"]
[Result "1-0"]
[WhiteElo "1988"]
[BlackElo "1502"]

1. e4 e5 2. Bc4 Bc5 3. Qh5 Qe7 4. Nf3 Nf6 5. Qxe5 Qxe5 6. Nxe5 O-O 7. d3 d6 8.
Nf3 Ng4 9. d4 Bb6 10. O-O Nf6 11. Nc3 Nc6 12. Be3 Nb4 13. Bb3 Be6 14. a3 Nxc2
15. Bxc2 Bc4 16. Rfe1 Rae8 17. e5 dxe5 18. dxe5 Bxe3 19. exf6 Bxf2+ 20. Kxf2 g6
21. Rxe8 Rxe8 22. Re1 Rd8 23. Re7 Rc8 24. Ne5 Rd8 25. Nxc4 b5 26. Nxb5 a6 27.
Nxc7 Kf8 28. Nxa6 h5 29. Nc7 Rd4 30. Re8# 1-0

[Event "Challenge"]
[Site "http://www.queenalice.com/game.php?id=1035991"]
[Date "2012.3.4"]
[Round "-"]
[White "nuage"]
[Black "stan1"]
[Result "0-1"]
[WhiteElo "1555"]
[BlackElo "1986"]

1. e4 Nc6 2. Nf3 f5 3. exf5 d5 4. Bb5 Bxf5 5. O-O e6 6. Ne5 Ne7 7. d4 a6 8.
Bxc6+ Nxc6 9. Bf4 Nxe5 10. Bxe5 Qg5 11. f4 Qg6 12. Rf3 Bg4 13. Bxc7 Bxf3 14.
Qxf3 Rc8 15. Ba5 Rxc2 16. b4 Bd6 17. f5 Qh6 18. Na3 Qxh2+ 19. Kf1 Qh1# 0-1

[Event "Challenge"]
[Site "http://www.queenalice.com/game.php?id=1036077"]
[Date "2012.3.5"]
[Round "-"]
[White "kuntakinte"]
[Black "stan1"]
[Result "1-0"]
[WhiteElo "1745"]
[BlackElo "1967"]

1. e4 Nc6 2. d4 d5 3. e5 f6 4. exf6 Nxf6 5. f3 e5 6. c3 exd4 7. Bb5 dxc3 8. Nxc3
Bb4 9. Ne2 O-O 10. O-O Bc5+ 11. Kh1 Ne5 12. Bg5 c6 13. Ba4 h6 14. Bh4 Nc4 15.
Qc2 Ne3 16. Qd3 Nxf1 17. Rxf1 g5 18. Qg6+ 1-0

[Event "Challenge"]
[Site "http://www.queenalice.com/game.php?id=1036082"]
[Date "2012.3.5"]
[Round "-"]
[White "stan1"]
[Black "kuntakinte"]
[Result "0-1"]
[WhiteElo "1942"]
[BlackElo "1770"]

1. e4 e5 2. Bc4 d6 3. d4 Nf6 4. dxe5 dxe5 5. Qxd8+ Kxd8 6. Nc3 Be6 7. Bxe6 fxe6
8. Nf3 Nc6 9. Be3 Ng4 10. Bg5+ Nf6 11. O-O-O+ Ke8 12. Rd3 a6 13. Bxf6 gxf6 14.
Rhd1 Rd8 15. Rxd8+ Nxd8 16. Kd2 Bb4 17. Ke2 Nc6 18. Na4 h5 0-1